[Event "25th European Teams"]
[Site "Batumi GEO"]
[Date "2025.10.10"]
[Round "6.9"]
[Board "2"]
[White "Stremavicius, Titas"]
[Black "Navara, David"]
[Result "1-0"]
[WhiteTitle "GM"]
[BlackTitle "GM"]
[WhiteElo "2531"]
[BlackElo "2656"]
[WhiteTeam "Lithuania"]
[BlackTeam "Czech Republic"]
[WhiteFideId "12804444"]
[BlackFideId "309095"]
[EventDate "2025.10.05"]

1. Nf3 d5 2. g3 g6 3. Bg2 Bg7 4. O-O e5 5. d3 Ne7 6. c4 c6 7. e4 O-O 8. b4 Re8
9. a4 dxc4 10. dxc4 Qxd1 11. Rxd1 Be6 12. Bf1 Nd7 13. Nbd2 a5 14. b5 Nc8 15. Ng5
Nc5 16. Ba3 Nxa4 17. bxc6 bxc6 18. Nxe6 Rxe6 19. Bh3 Rf6 20. Nf1 Ncb6 21. Be7
Nb2 22. Bxf6 Bxf6 23. Rd6 Be7 24. Rxc6 N6xc4 25. Ra2 a4 26. Ne3 Nxe3 27. Rxb2 a3
28. Rb1 Bg5 29. Ra1 Ra4 30. fxe3 Bxe3+ 31. Kg2 Bd4 32. Ra2 Bb2 33. Kf3 Rb4 34.
Rc8+ Kg7 35. Rc7 Rb3+ 36. Kg2 Re3 37. Be6 Re2+ 38. Kf3 Rxh2 39. Rxf7+ Kh6 40.
Ra7 Rh1 41. Kg4 Re1 42. Bd5 Re3 43. Rb7 Re2 44. Rb3 Re1 45. Rbxa3 Bxa3 46. Rxa3
Rf1 47. Ra7 Rf8 48. Re7 1-0

[Event "25th European Teams"]
[Site "Batumi GEO"]
[Date "2025.10.10"]
[Round "6.9"]
[Board "3"]
[White "Vykouk, Jan"]
[Black "Pultinevicius, Paulius"]
[Result "1-0"]
[WhiteTitle "IM"]
[BlackTitle "GM"]
[WhiteElo "2516"]
[BlackElo "2532"]
[WhiteTeam "Czech Republic"]
[BlackTeam "Lithuania"]
[WhiteFideId "349658"]
[BlackFideId "12809390"]
[EventDate "2025.10.05"]

1. e4 c5 2. Nf3 e6 3. d4 cxd4 4. Nxd4 Nc6 5. Nc3 d6 6. g4 Nge7 7. Be3 a6 8. Nb3
b5 9. Qe2 Bd7 10. f4 e5 11. O-O-O exf4 12. Bxf4 Ng6 13. Bxd6 Qg5+ 14. Kb1 Bxd6
15. Rxd6 Nce5 16. h3 Nc4 17. Rd1 Nge5 18. Qf2 Qe3 19. Qh2 Be6 20. Bxc4 Nxc4 21.
Nd5 Bxd5 22. Rhe1 Qb6 23. exd5+ Kf8 24. d6 g6 25. Qg3 Rd8 26. Qc3 Rg8 27. d7 a5
28. Qd4 Qxd4 29. Rxd4 Kg7 30. Nc5 Nb6 31. Red1 1-0

[Event "25th European Teams"]
[Site "Batumi GEO"]
[Date "2025.10.10"]
[Round "6.9"]
[Board "4"]
[White "Morkunas, Gustas"]
[Black "Stalmach, Richard"]
[Result "1/2-1/2"]
[WhiteTitle "FM"]
[BlackTitle "IM"]
[WhiteElo "2324"]
[BlackElo "2410"]
[WhiteTeam "Lithuania"]
[BlackTeam "Czech Republic"]
[WhiteFideId "12831026"]
[BlackFideId "372048"]
[EventDate "2025.10.05"]

1. e4 c5 2. Nf3 d6 3. d4 cxd4 4. Nxd4 Nf6 5. Nc3 a6 6. h3 e5 7. Nde2 h5 8. g3 b5
9. Bg2 Nbd7 10. O-O Be7 11. a4 b4 12. Nd5 Nxd5 13. exd5 O-O 14. c3 Rb8 15. Bd2
a5 16. cxb4 axb4 17. Nc1 h4 18. Nd3 Ba6 19. Nxb4 Rxb4 20. Bxb4 hxg3 21. a5 Bxf1
22. Qxf1 Qb8 23. Bc3 Qa7 24. Bd2 gxf2+ 25. Qxf2 Qa8 26. b4 f5 27. Rc1 Qb8 28.
Rc6 e4 29. Bc3 Bf6 30. Bxf6 Rxf6 31. a6 Rf8 32. Qd4 Ne5 33. a7 Qd8 34. Ra6 Qg5
35. Kh1 Ra8 36. Rb6 Nf3 37. Rb8+ Kh7 38. Bxf3 exf3 39. Qg1 Qxg1+ 40. Kxg1 Rxa7
41. Kf2 Kg6 42. Kxf3 Ra3+ 43. Kg2 Rd3 44. b5 Rxd5 45. b6 Rd2+ 46. Kg3 Rd3+ 47.
Kh4 Rb3 48. b7 d5 49. Rd8 Rb4+ 50. Kg3 Rxb7 51. Rxd5 Rb3+ 52. Kg2 Kg5 53. Ra5
Kf4 54. Ra4+ Ke3 55. h4 f4 56. Ra2 Rd3 57. Rb2 Ke4 58. Rb4+ Rd4 59. Rb2 Rd7 60.
Rb4+ Kf5 61. Kf3 Rd3+ 62. Kf2 Kg4 63. Rb7 Rd2+ 64. Ke1 Rh2 65. Rxg7+ Kf3 66. Rh7
Rh1+ 67. Kd2 Kf2 68. h5 f3 69. h6 Rh5 70. Rh8 Kf1 71. h7 f2 72. Kd1 Rd5+ 73. Kc2
Rd7 74. Kc1 Rf7 75. Kd2 Rg7 76. Kc2 Rd7 77. Kc1 Re7 78. Kd1 Rf7 79. Kd2 Rg7 80.
Kc2 Rd7 81. Kc1 Rf7 82. Kd2 Rd7+ 83. Kc2 Rf7 84. Kd2 Rg7 85. Kc2 Rd7 86. Kc1 Ke2
87. Re8+ Kd3 88. Rf8 Rc7+ 89. Kb1 Rxh7 90. Rxf2 1/2-1/2

[Event "25th European Teams"]
[Site "Batumi GEO"]
[Date "2025.10.10"]
[Round "6.10"]
[Board "1"]
[White "Saric, Ivan"]
[Black "Kadric, Denis"]
[Result "1-0"]
[WhiteTitle "GM"]
[BlackTitle "GM"]
[WhiteElo "2661"]
[BlackElo "2533"]
[WhiteTeam "Croatia"]
[BlackTeam "Montenegro"]
[WhiteFideId "14508150"]
[BlackFideId "14403803"]
[EventDate "2025.10.05"]

1. e4 e5 2. Nf3 Nf6 3. Nxe5 d6 4. Nf3 Nxe4 5. Nc3 Nxc3 6. dxc3 Be7 7. Be3 Nd7 8.
Qd2 Ne5 9. O-O-O Nxf3 10. gxf3 Be6 11. Rg1 g6 12. c4 c5 13. f4 Qb6 14. Qc3 O-O-O
15. a4 Rhe8 16. a5 Qa6 17. b4 b6 18. axb6 Qxb6 19. b5 a6 20. bxa6 Qxa6 21. Bd3
Qb6 22. Kd2 Qb4 23. Qxb4 cxb4 24. Bd4 Kd7 25. Ra1 Ra8 26. Be4 Rxa1 27. Rxa1 Rb8
28. Ra7+ Kd8 29. c5 dxc5 30. Be5 Rc8 31. Bb7 f6 32. Bxc8 Bxc8 33. Bc7+ Ke8 34.
Bb6 Be6 35. Ra5 c4 36. Bc5 Bxc5 37. Rxc5 b3 38. Rc7 h5 39. Kc3 Bf7 40. f5 gxf5
41. f4 Kf8 42. cxb3 cxb3 43. Kd4 Kg7 44. h4 Kg6 45. Kc5 Bg8 46. Kd6 Bf7 47. Rb7
Kg7 48. Ke7 Bd5 49. Rb6 Bc4 50. Rxf6 Bd3 51. Rb6 Bc2 52. Rb5 1-0

[Event "25th European Teams"]
[Site "Batumi GEO"]
[Date "2025.10.10"]
[Round "6.10"]
[Board "2"]
[White "Petrov, Nikita"]
[Black "Brkic, Ante"]
[Result "1/2-1/2"]
[WhiteTitle "GM"]
[BlackTitle "GM"]
[WhiteElo "2576"]
[BlackElo "2578"]
[WhiteTeam "Montenegro"]
[BlackTeam "Croatia"]
[WhiteFideId "4101286"]
[BlackFideId "14506688"]
[EventDate "2025.10.05"]

1. d4 Nf6 2. c4 e6 3. Nf3 d5 4. Nc3 Bb4 5. Qa4+ Nc6 6. e3 O-O 7. Qc2 Re8 8. Bd2
b6 9. a3 Bf8 10. cxd5 exd5 11. Bd3 Ne7 12. Ne5 a6 13. g4 h6 14. Rg1 c5 15. O-O-O
c4 16. Be2 Nd7 17. f4 b5 18. Bf3 Nxe5 19. fxe5 Be6 20. e4 b4 21. axb4 Rb8 22.
exd5 Bxd5 23. Nxd5 Nxd5 24. g5 hxg5 25. Bxg5 Qd7 26. Bxd5 Qxd5 27. Bf6 c3 28.
bxc3 Rec8 29. Rd3 Qe4 30. Bxg7 Bxg7 31. Rxg7+ Kf8 32. Rg8+ 1/2-1/2

[Event "25th European Teams"]
[Site "Batumi GEO"]
[Date "2025.10.10"]
[Round "6.10"]
[Board "3"]
[White "Livaic, Leon"]
[Black "Draskovic, Luka"]
[Result "1/2-1/2"]
[WhiteTitle "GM"]
[BlackTitle "GM"]
[WhiteElo "2551"]
[BlackElo "2486"]
[WhiteTeam "Croatia"]
[BlackTeam "Montenegro"]
[WhiteFideId "14531534"]
[BlackFideId "944335"]
[EventDate "2025.10.05"]

1. e4 e5 2. Nf3 Nc6 3. Bb5 a6 4. Ba4 Nf6 5. O-O d6 6. Re1 Bd7 7. c3 g6 8. d4 Bg7
9. h3 O-O 10. Bc2 Qb8 11. Be3 Re8 12. Nbd2 b5 13. dxe5 Nxe5 14. Nxe5 Rxe5 15.
Bd4 Re8 16. Qf3 Qd8 17. e5 dxe5 18. Rxe5 Be6 19. Nb3 Bd5 20. Qf4 Rxe5 21. Bxe5
c6 22. Re1 Nh5 23. Qe3 Bxe5 24. Qxe5 Qf6 25. Nd4 Rc8 26. Bb3 Bxb3 27. Qxf6 Nxf6
28. Nxb3 Kf8 29. Nc5 a5 30. a4 bxa4 31. Nxa4 Nd7 32. Kf1 Rb8 33. Re4 Rb5 34. Ke1
Rg5 35. g3 Rh5 36. h4 Rd5 37. Ke2 h5 38. Ke3 Nf6 39. Rc4 Re5+ 40. Kd3 Ng4 41.
Rf4 Rd5+ 42. Kc2 Re5 43. Kd3 Rd5+ 44. Kc2 Re5 1/2-1/2

[Event "25th European Teams"]
[Site "Batumi GEO"]
[Date "2025.10.10"]
[Round "6.10"]
[Board "4"]
[White "Vukcevic, Nemanja"]
[Black "Martinovic, Sasa"]
[Result "0-1"]
[WhiteTitle "FM"]
[BlackTitle "GM"]
[WhiteElo "2349"]
[BlackElo "2553"]
[WhiteTeam "Montenegro"]
[BlackTeam "Croatia"]
[WhiteFideId "941808"]
[BlackFideId "14509792"]
[EventDate "2025.10.05"]

1. e4 e6 2. d4 d5 3. e5 c5 4. c3 Nc6 5. Nf3 Bd7 6. Be2 Nge7 7. Na3 cxd4 8. cxd4
f6 9. Nb5 Nf5 10. exf6 a6 11. g4 axb5 12. gxf5 Qxf6 13. Rg1 Bb4+ 14. Bd2 Bxd2+
15. Qxd2 O-O 16. fxe6 Qxe6 17. Rg3 Rf5 18. h4 Qf6 19. b3 Rf4 20. O-O-O Bg4 21.
Ng5 Nxd4 22. Bxg4 Nxb3+ 23. Rxb3 Qa1+ 24. Rb1 Rc4+ 25. Qc2 Rxc2+ 26. Kxc2 Qxa2+ 0-1

[Event "25th European Teams"]
[Site "Batumi GEO"]
[Date "2025.10.10"]
[Round "6.11"]
[Board "1"]
[White "Moroni, Luca Jr"]
[Black "Lashkin, Jegor"]
[Result "1/2-1/2"]
[WhiteTitle "GM"]
[BlackTitle "IM"]
[WhiteElo "2544"]
[BlackElo "2497"]
[WhiteTeam "Italy"]
[BlackTeam "Moldova"]
[WhiteFideId "865834"]
[BlackFideId "13907808"]
[EventDate "2025.10.05"]

1. c4 Nf6 2. g3 e6 3. Bg2 d5 4. Nf3 d4 5. d3 Bb4+ 6. Bd2 a5 7. O-O Nc6 8. e3 O-O
9. exd4 Nxd4 10. Nc3 Nxf3+ 11. Qxf3 Rb8 12. a3 Be7 13. Bf4 Bd7 14. d4 Bc6 15. d5
exd5 16. cxd5 Bd7 17. Rfe1 Bd6 18. h3 Re8 19. g4 h6 20. Rac1 Rc8 21. Bg3 Rxe1+
22. Rxe1 Bxg3 23. Qxg3 Qf8 24. g5 hxg5 25. Qxg5 Qd6 26. Ne4 Nxe4 27. Rxe4 Re8
28. h4 Kf8 29. Rxe8+ Bxe8 30. Bf3 b6 31. Kg2 Bb5 32. Be4 Bc4 33. Bf3 Bd3 34. Qe3
Bf5 35. Qg5 Bc2 36. Qd2 Qg6+ 37. Kh2 Be4 38. Bxe4 Qxe4 39. Qg5 f6 40. Qg3 Kg8
41. Qxc7 Qxh4+ 42. Kg1 Qg4+ 43. Kh2 Qh5+ 44. Kg1 Qd1+ 45. Kh2 Qxd5 46. Qxb6 a4
47. Qb8+ Kh7 48. Qb4 Qf3 49. Qxa4 Qxf2+ 50. Kh3 Qxb2 51. Qh4+ Kg8 52. Qc4+ Kf8
53. Qc8+ Ke7 54. Qc7+ Ke6 55. Qxg7 Qxa3+ 56. Kg2 Qb2+ 57. Kf3 Qc3+ 58. Kf2 Qd2+
59. Kf3 Qd5+ 60. Kf4 Qf5+ 61. Ke3 Qe5+ 62. Kf3 Qc3+ 63. Kf4 Qc1+ 64. Kf3 Qf1+
65. Ke3 Qh3+ 66. Kf4 Qh2+ 67. Kf3 Qh5+ 68. Kf4 Qe5+ 69. Kf3 Qb8 70. Qg4+ Kf7 71.
Qd7+ Kf8 72. Qf5 Qb7+ 73. Qe4 Qc7 74. Qf4 Qc6+ 75. Qe4 Qd6 76. Qf4 Qd1+ 77. Kg3
Qe1+ 78. Kf3 Qc3+ 79. Qe3 Qc6+ 80. Qe4 Qc8 81. Kf4 Qh3 82. Qf3 Qh2+ 83. Qg3 Qh5
84. Qg4 Qe5+ 85. Kf3 f5 86. Qb4+ Kf7 87. Qc4+ Kg7 88. Qc6 Qd4 89. Qe6 Qg4+ 90.
Kf2 Qf4+ 91. Kg2 Kf8 92. Qf6+ Ke8 93. Qe6+ Kd8 94. Qf6+ Kd7 95. Qf7+ Kd6 96.
Qf8+ Kd5 97. Qa8+ Kc5 98. Qa3+ Kb6 99. Qb3+ Kc5 100. Qa3+ Kd5 101. Qf3+ Qe4 102.
Kf2 1/2-1/2

[Event "25th European Teams"]
[Site "Batumi GEO"]
[Date "2025.10.10"]
[Round "6.11"]
[Board "2"]
[White "Schitco, Ivan"]
[Black "Vocaturo, Daniele"]
[Result "1/2-1/2"]
[WhiteTitle "GM"]
[BlackTitle "GM"]
[WhiteElo "2483"]
[BlackElo "2563"]
[WhiteTeam "Moldova"]
[BlackTeam "Italy"]
[WhiteFideId "13905465"]
[BlackFideId "813192"]
[EventDate "2025.10.05"]

1. d4 d5 2. Nf3 Nf6 3. e3 e6 4. Bd3 b6 5. O-O Bd6 6. b3 Bb7 7. c4 Nbd7 8. cxd5
exd5 9. Ba3 Bxa3 10. Nxa3 O-O 11. Rc1 c5 12. Nb5 Qe7 13. Re1 g6 14. Qd2 a6 15.
Nc3 b5 16. dxc5 Nxc5 17. Bf1 b4 18. Nd1 Nce4 19. Qb2 Rac8 20. Nd4 Rxc1 21. Qxc1
Ng4 22. Qb2 Qd6 23. g3 Ne5 24. f3 Ng5 25. Be2 Nc6 26. Nf2 Nxd4 27. Qxd4 Ne6 28.
Qf6 Qd8 29. Qxd8 Rxd8 30. Rc1 a5 31. Nd3 Kf8 32. Kf2 Ke7 33. a3 1/2-1/2

[Event "25th European Teams"]
[Site "Batumi GEO"]
[Date "2025.10.10"]
[Round "6.11"]
[Board "3"]
[White "Lodici, Lorenzo"]
[Black "Hamitevici, Vladimir"]
[Result "1-0"]
[WhiteTitle "GM"]
[BlackTitle "GM"]
[WhiteElo "2560"]
[BlackElo "2445"]
[WhiteTeam "Italy"]
[BlackTeam "Moldova"]
[WhiteFideId "884189"]
[BlackFideId "13902393"]
[EventDate "2025.10.05"]

1. e4 e5 2. Nf3 Nc6 3. Bc4 Nf6 4. d3 h6 5. Nc3 Bb4 6. O-O Bxc3 7. bxc3 O-O 8.
Bb3 d6 9. Nd2 Be6 10. c4 Nd7 11. f4 exf4 12. Rxf4 Nce5 13. Nf1 Ng6 14. Rf2 a5
15. c3 Nde5 16. Ne3 Qh4 17. Nf5 Qg4 18. Qf1 Nxd3 19. Qxd3 Ne5 20. Qd4 Rfe8 21.
Ba4 c5 22. Qxd6 Nxc4 23. Qf4 1-0

[Event "25th European Teams"]
[Site "Batumi GEO"]
[Date "2025.10.10"]
[Round "6.11"]
[Board "4"]
[White "Gubin, Dmitrii"]
[Black "Sonis, Francesco"]
[Result "1-0"]
[BlackTitle "GM"]
[WhiteElo "2275"]
[BlackElo "2561"]
[WhiteTeam "Moldova"]
[BlackTeam "Italy"]
[WhiteFideId "13911848"]
[BlackFideId "895733"]
[EventDate "2025.10.05"]

1. c4 e5 2. g3 Be7 3. Bg2 f5 4. d4 d6 5. Nc3 Nf6 6. Nh3 O-O 7. O-O c6 8. b3 Qe8
9. Ba3 h6 10. Qd2 Na6 11. Rfd1 e4 12. f3 d5 13. Bxe7 Qxe7 14. Nf4 Qf7 15. cxd5
cxd5 16. h4 Bd7 17. Rac1 Rae8 18. h5 Bc6 19. fxe4 dxe4 20. d5 Bd7 21. Ng6 Nxh5
22. Nxf8 Qxf8 23. g4 e3 24. Qd4 fxg4 25. Rf1 Qe7 26. Ne4 Kh8 27. Rc3 g3 28. Nc5
Nxc5 29. Rxc5 Nf6 30. d6 Qf7 31. Re5 Re6 32. Rxe6 Qxe6 33. Rf3 Bc6 34. Rxf6 gxf6
35. Bxc6 Kg7 36. Bf3 h5 37. d7 Qh3 38. Bg2 Qf5 39. Bf3 Qh3 40. Qxf6+ Kxf6 41.
d8=Q+ Ke5 42. Qc7+ Kd4 43. Qc4+ Ke5 44. Qd5+ 1-0

[Event "25th European Teams"]
[Site "Batumi GEO"]
[Date "2025.10.10"]
[Round "6.12"]
[Board "1"]
[White "Bjerre, Jonas Buhl"]
[Black "Petriashvili, Nikoloz"]
[Result "1/2-1/2"]
[WhiteTitle "GM"]
[BlackTitle "IM"]
[WhiteElo "2629"]
[BlackElo "2489"]
[WhiteTeam "Denmark"]
[BlackTeam "Georgia 2"]
[WhiteFideId "1444948"]
[BlackFideId "13611216"]
[EventDate "2025.10.05"]

1. e4 e5 2. Nf3 Nf6 3. Nxe5 d6 4. Nf3 Nxe4 5. d3 Nf6 6. d4 d5 7. Bd3 Bd6 8. Qe2+
Be7 9. O-O O-O 10. Re1 Re8 11. Bg5 Be6 12. Nbd2 h6 13. Bf4 Nc6 14. c3 Bg4 15.
Qf1 Nh5 16. Be5 Bd6 17. Bc2 Nf4 18. h3 Bd7 19. Bxd6 cxd6 20. Rxe8+ Qxe8 21. h4
Rc8 22. Re1 Qf8 23. g3 Nh5 24. Qb5 Nf6 25. Qxb7 Qd8 26. Qb3 Qa5 27. a4 Rb8 28.
Qa3 Qc7 29. Bd3 Na5 30. Qa2 Be6 31. Nf1 Nc4 32. b4 Ne4 33. Rc1 Rc8 34. Qe2 a5
35. Bxe4 dxe4 36. Qxe4 Nb6 37. bxa5 Nxa4 38. d5 Nc5 39. Qc4 Bf5 40. Ra1 Bd3 41.
Qg4 f5 42. Qf4 Be4 43. N1d2 Nd3 44. Qe3 Qxc3 45. Qd4 Qc2 46. a6 Nc1 47. Qe3 Rc3
48. Qe1 Nd3 49. Qb1 Qxb1+ 50. Rxb1 Ra3 51. Nd4 Rxa6 52. Nxe4 fxe4 1/2-1/2

[Event "25th European Teams"]
[Site "Batumi GEO"]
[Date "2025.10.10"]
[Round "6.12"]
[Board "2"]
[White "Quparadze, Giga"]
[Black "Thybo, Jesper Sondergaard"]
[Result "0-1"]
[WhiteTitle "GM"]
[BlackTitle "GM"]
[WhiteElo "2493"]
[BlackElo "2578"]
[WhiteTeam "Georgia 2"]
[BlackTeam "Denmark"]
[WhiteFideId "13602250"]
[BlackFideId "1438832"]
[EventDate "2025.10.05"]

1. e4 e5 2. Nf3 Nc6 3. Bb5 Nf6 4. O-O Nxe4 5. d4 Nd6 6. Bxc6 dxc6 7. dxe5 Nf5 8.
Qxd8+ Kxd8 9. h3 Ke8 10. Nc3 a5 11. Bf4 Be6 12. g4 Ne7 13. Nd4 Nd5 14. Nxe6 fxe6
15. Ne2 Be7 16. Bd2 a4 17. Rad1 b5 18. Kg2 c5 19. f4 g6 20. Nc3 c6 21. Ne4 c4
22. a3 Kd7 23. Be3 Kc7 24. Bd4 Rhf8 25. Kg3 h5 26. g5 Rf7 27. Rf3 Rd8 28. h4 Bf8
29. c3 Rfd7 30. Nf6 Rf7 31. Rff1 Be7 32. Kf3 Bf8 33. Rd2 Be7 34. Rfd1 Bf8 35.
Bf2 Be7 36. Bg1 Rff8 37. Bf2 Kb7 38. Bg3 Kb6 39. Bh2 Kb7 40. Bg1 Kc7 41. Be3 Kb7
42. Ne4 Kc7 43. Ng3 Nxe3 44. Kxe3 Bc5+ 45. Kf3 Rxd2 46. Rxd2 Rd8 47. Rxd8 Kxd8
48. Ne4 Bg1 49. Nd2 Kd7 50. Nf1 Ke7 51. Ng3 Bc5 52. Ne2 Bb6 53. f5 exf5 54. Nf4
Bc7 55. Nxg6+ Kf7 56. Nf4 Bxe5 57. Nxh5 b4 58. g6+ Kxg6 59. Nf4+ Kh6 60. cxb4
Bxb2 61. Ne6 Bxa3 62. Nd4 Bb2 63. Nxf5+ Kh7 0-1

[Event "25th European Teams"]
[Site "Batumi GEO"]
[Date "2025.10.10"]
[Round "6.12"]
[Board "3"]
[White "Andersen, Mads"]
[Black "Sanikidze, Tornike"]
[Result "1/2-1/2"]
[WhiteTitle "GM"]
[BlackTitle "GM"]
[WhiteElo "2556"]
[BlackElo "2409"]
[WhiteTeam "Denmark"]
[BlackTeam "Georgia 2"]
[WhiteFideId "1413864"]
[BlackFideId "13602608"]
[EventDate "2025.10.05"]

1. d4 Nf6 2. c4 e6 3. Nf3 d5 4. g3 Bb4+ 5. Bd2 a5 6. Bg2 O-O 7. Qc1 b6 8. O-O
Bxd2 9. Qxd2 Bb7 10. cxd5 exd5 11. Nc3 Re8 12. Rfd1 Nbd7 13. Rac1 Ne4 14. Qf4 c6
15. Nxe4 Rxe4 16. Qd2 Re8 17. Rc2 Qf6 18. Rdc1 Qe6 19. Qf4 h6 20. h4 c5 21. dxc5
bxc5 22. e3 Qb6 23. Qf5 Rad8 24. Nd2 a4 25. a3 Ne5 26. Rxc5 Qxb2 27. Nf3 Nxf3+
28. Bxf3 Qxa3 29. Qb1 Ba8 30. R1c3 Rb8 31. Rxa3 Rxb1+ 32. Kg2 d4 33. Bxa8 Rxa8
34. exd4 Rb4 35. d5 Rd4 36. Kf3 Rd8 37. Ra5 1/2-1/2

[Event "25th European Teams"]
[Site "Batumi GEO"]
[Date "2025.10.10"]
[Round "6.12"]
[Board "4"]
[White "Akhvlediani, Irakli"]
[Black "Ochsner, Bjorn Moller"]
[Result "1-0"]
[WhiteTitle "IM"]
[BlackTitle "GM"]
[WhiteElo "2436"]
[BlackElo "2461"]
[WhiteTeam "Georgia 2"]
[BlackTeam "Denmark"]
[WhiteFideId "13601938"]
[BlackFideId "1416928"]
[EventDate "2025.10.05"]

1. Nf3 c5 2. e4 d6 3. d4 cxd4 4. Qxd4 Nf6 5. Nc3 Nc6 6. Qd3 g6 7. Be2 Bg7 8. O-O
O-O 9. Nd5 Nd7 10. c3 b6 11. Bg5 h6 12. Bh4 Bb7 13. Rad1 Re8 14. Rfe1 Rc8 15. h3
a6 16. a4 Nc5 17. Qc2 Nd7 18. Bf1 Rb8 19. Nd2 Bc8 20. Nc4 b5 21. axb5 axb5 22.
Nxd6 Rf8 23. Nxc8 Qxc8 24. Bxe7 Re8 25. Bd6 Rb7 26. f4 Nf8 27. e5 Ne6 28. Qf2
Ned8 29. Bd3 Na5 30. f5 g5 31. f6 Bf8 32. Qd4 Re6 33. Qe4 Bxd6 34. Qh7+ Kf8 35.
Qh8# 1-0

[Event "25th European Teams"]
[Site "Batumi GEO"]
[Date "2025.10.10"]
[Round "6.13"]
[Board "1"]
[White "Naiditsch, Arkadij"]
[Black "Bogner, Sebastian"]
[Result "1/2-1/2"]
[WhiteTitle "GM"]
[BlackTitle "GM"]
[WhiteElo "2587"]
[BlackElo "2555"]
[WhiteTeam "Bulgaria"]
[BlackTeam "Switzerland"]
[WhiteFideId "4650891"]
[BlackFideId "4692055"]
[EventDate "2025.10.05"]

1. e4 e5 2. Nf3 Nf6 3. Nxe5 d6 4. Nf3 Nxe4 5. d4 d5 6. Bd3 Bf5 7. O-O Be7 8. Re1
O-O 9. Nc3 Nxc3 10. bxc3 Bxd3 11. Qxd3 Nd7 12. Rb1 Nb6 13. Bf4 Rb8 14. h4 Nc4
15. h5 Qd7 16. Re2 Rfe8 17. Rbe1 f6 18. Nh4 Bd6 19. Qf3 Bxf4 20. Qxf4 Rxe2 21.
Rxe2 Nd6 22. Qf3 Qf7 23. Kf1 Rd8 24. g4 c6 25. Qf4 Kf8 26. f3 Kg8 27. Ng2 Nb5
28. Re3 Nd6 29. Re1 Nb5 30. a4 Nd6 31. Qg3 Nc4 32. Re2 a5 33. Qe1 Kf8 34. Nf4
Re8 35. Ne6+ Kg8 36. Kg2 Nd6 37. Kh3 h6 38. Nc5 1/2-1/2

[Event "25th European Teams"]
[Site "Batumi GEO"]
[Date "2025.10.10"]
[Round "6.13"]
[Board "2"]
[White "Peng, Li Min"]
[Black "Petrov, Martin"]
[Result "1/2-1/2"]
[WhiteTitle "GM"]
[BlackTitle "GM"]
[WhiteElo "2498"]
[BlackElo "2540"]
[WhiteTeam "Switzerland"]
[BlackTeam "Bulgaria"]
[WhiteFideId "14112620"]
[BlackFideId "2911086"]
[EventDate "2025.10.05"]

1. d4 Nf6 2. c4 e6 3. g3 Bb4+ 4. Bd2 Be7 5. Bg2 O-O 6. Qc2 d5 7. Nf3 Ne4 8. O-O
c6 9. Be3 Nd7 10. Nc3 Nd6 11. b3 b5 12. cxb5 cxb5 13. a4 b4 14. Nb5 Ba6 15. Nxd6
Bxd6 16. Rfc1 Rc8 17. Qb2 Qf6 18. Rxc8 Rxc8 19. Rc1 Rxc1+ 20. Bxc1 Qd8 21. Qc2
Qc7 22. Qxc7 Bxc7 23. Bf1 Nb8 24. e3 Bxf1 25. Kxf1 Nc6 26. Bd2 Bd6 27. Ne1 f6
28. f4 Kf7 29. Nd3 g5 30. fxg5 fxg5 31. g4 Kg6 1/2-1/2

[Event "25th European Teams"]
[Site "Batumi GEO"]
[Date "2025.10.10"]
[Round "6.13"]
[Board "3"]
[White "Petkov, Momchil"]
[Black "Baenziger, Fabian"]
[Result "1/2-1/2"]
[WhiteTitle "GM"]
[BlackTitle "IM"]
[WhiteElo "2509"]
[BlackElo "2439"]
[WhiteTeam "Bulgaria"]
[BlackTeam "Switzerland"]
[WhiteFideId "2921642"]
[BlackFideId "1330110"]
[EventDate "2025.10.05"]

1. e4 e6 2. d4 d5 3. Nc3 Nf6 4. exd5 exd5 5. Bg5 c6 6. Qd2 Be7 7. O-O-O O-O 8.
h4 a5 9. Nf3 Be6 10. Bd3 Re8 11. Rde1 Nbd7 12. Ne5 Nb6 13. Qf4 Nc4 14. h5 h6 15.
Bxf6 Bxf6 16. Nf3 Qd6 17. Qxd6 Nxd6 18. Na4 Rad8 19. c3 Re7 20. Nc5 Rde8 21.
Nxe6 Rxe6 22. Rxe6 Rxe6 23. a4 Kf8 24. Kd1 Ke7 25. Nd2 Kd8 26. Re1 Rxe1+ 27.
Kxe1 Ke7 28. Ke2 Ke6 29. g3 b6 30. Bc2 Nb7 31. Bd3 Nd6 32. Bc2 Nb7 33. Bd3 1/2-1/2

[Event "25th European Teams"]
[Site "Batumi GEO"]
[Date "2025.10.10"]
[Round "6.13"]
[Board "4"]
[White "Fecker, Noah"]
[Black "Dimitrov, Radoslav"]
[Result "0-1"]
[WhiteTitle "FM"]
[BlackTitle "GM"]
[WhiteElo "2364"]
[BlackElo "2496"]
[WhiteTeam "Switzerland"]
[BlackTeam "Bulgaria"]
[WhiteFideId "1334263"]
[BlackFideId "2908549"]
[EventDate "2025.10.05"]

1. e4 e5 2. Nf3 d5 3. Nxe5 Bd6 4. d4 dxe4 5. Be2 Bxe5 6. dxe5 Qxd1+ 7. Bxd1 Nc6
8. Nc3 Bf5 9. Bf4 Nge7 10. e6 Bxe6 11. Nxe4 O-O-O 12. O-O Rd4 13. Re1 Bd5 14. f3
f5 15. Be3 fxe4 16. Bxd4 Nxd4 17. fxe4 Be6 18. Kf2 Ng6 19. Ke3 c5 20. c3 Nb5 21.
Be2 Nd6 22. Rad1 Kc7 23. b3 Re8 24. Bf3 Bf5 25. Kd3 Nf4+ 26. Ke3 g5 27. h4 h6
28. hxg5 hxg5 29. g3 Nh3 30. Rd5 Bxe4 31. Bxe4 Rxe4+ 32. Kd2 b6 33. Re3 g4 34.
Re5 Nf2 35. Re7+ Kc6 36. Rxa7 Nf5 37. Rxe4 Nxe4+ 38. Kd3 Kd5 39. Rb7 Nexg3 40.
Rxb6 Nh5 41. c4+ Ke5 42. b4 Nf4+ 43. Kd2 g3 44. bxc5 g2 45. Rb1 Nh3 46. c6 Kd6
47. Ke2 Nd4+ 48. Ke3 Nxc6 49. a4 Na5 50. c5+ Kc6 51. Rb6+ Kxc5 52. Rg6 g1=R 53.
Rxg1 Nxg1 54. Kf2 Nh3+ 55. Kg3 Ng5 56. Kf4 Nf7 57. Ke4 Kd6 58. Kd4 Ng5 59. Kd3
Kc5 60. Ke3 Kd5 61. Kf4 Ne6+ 62. Kf5 Nc5 63. Kf4 Ke6 64. Kf3 Ke5 65. Ke3 Ne6 66.
Kf3 Kd4 67. Kg3 Ke3 68. Kg4 Ke4 69. Kg3 Nd4 70. Kg4 Nf3 71. Kg3 Ne5 72. Kf2 Kd3
73. Kg2 Ke2 74. Kg3 Ke3 75. Kg2 Nd3 76. Kg3 Nf2 77. Kh4 Kf4 78. Kh5 Kf5 79. Kh4
Ne4 80. Kh3 Kg5 81. Kh2 Kh4 82. Kg2 Kg4 83. Kh2 Nf2 84. Kg2 Nh3 85. Kh1 Kf3 86.
Kh2 Nf4 87. Kg1 Ke2 88. Kh1 Kf2 89. Kh2 Nc6 90. a5 Ne5 91. a6 Nf3+ 92. Kh1 Nh5
93. a7 Ng3# 0-1